000 00476nam a2200181Ia 4500
001 23795
005 20260414151001.0
008 260414t1972||||xx |||||||||||||| ||spa||
041 _aESP
082 _a709.4608
_bE56
100 _aMuseo Nacional Centro de Arte
_eAUT
245 0 _aEncuentros de Pamplona 1972 :
_bfin de fiesta del arte experimental
260 _c1972
300 _a411 páginas :
_c23 cm.
650 _aABD
654 _aCAU
942 _cLIB
_dJUS
_fJUS
_2ddc
_n
999 _c23795
_d23795